[Event "TUR-chT 2nd League"]
[Site "Denizli"]
[Date "2023.07.13"]
[Round "7.24"]
[White "Bayram, Yakup"]
[Black "Karaca, Yigit1111"]
[Result "1/2-1/2"]
[WhiteElo "2190"]
[BlackElo "1870"]
[PlyCount "109"]
[EventDate "2023.07.09"]
[EventType "team-swiss"]
[EventRounds "9"]
[EventCountry "TUR"]
[SourceTitle "CBM 215 Extra"]
[Source "ChessBase"]
[SourceDate "2023.09.30"]
[SourceVersion "1"]
[SourceVersionDate "2023.09.30"]
[SourceQuality "1"]
[WhiteTeam "Canakkale Apaydin"]
[BlackTeam "Izmir Apaydin"]
[WhiteTeamCountry "TUR"]
[BlackTeamCountry "TUR"]

1. d4 d5 2. c4 e6 3. Nc3 Nf6 4. cxd5 exd5 5. Bg5 Nbd7 6. e3 c6 7. Bd3 Be7 8. Qc2 h6 9. Bh4 0-0 10. Nge2 Re8 11. 0-0 Ne4 12. Bxe7 Qxe7 13. Ng3 Nxg3 14. hxg3 Nf6 15. Bf5 g6 16. Bxc8 Raxc8 17. Qd1 Kg7 18. Qf3 h5 19. a3 Rh8 20. Rfe1 Rce8 21. Qf4 Qd7 22. f3 Nh7 23. e4 dxe4 24. Rxe4 Rxe4 25. Qxe4 Nf6 26. Qf4 Re8 27. Kf2 Qe6 28. Qd2 Qd6 29. Rd1 b5 30. Qg5 a5 31. Qc5 Qe6 32. d5 Nxd5 33. Qd4+ Nf6 34. Ne4 Qe5 35. Nxf6 Qxf6 36. Qd2 Qe5 37. Rc1 Re6 38. Rc3 Rd6 39. Qc1 Qd4+ 40. Ke2 Re6+ 41. Kf1 b4 42. axb4 axb4 43. Rc4 Qd6 44. Kf2 Kh7 45. Qf4 Qe7 46. Rxb4 Re2+ 47. Kg1 Qc5+ 48. Kh2 Kg7 49. Rb7 Qd5 50. b3 g5 51. Qc1 h4 52. Qc3+ Kg6 53. gxh4 gxh4 54. Rb4 Qd6+ 55. f4 1/2-1/2

[Event "TUR-chT 1st League"]
[Site "Konya"]
[Date "2018.07.20"]
[Round "7.2"]
[White "Bayram, Yakup"]
[Black "Annaberdiev, Meilis"]
[Result "0-1"]
[WhiteElo "2222"]
[BlackElo "2501"]
[PlyCount "58"]
[EventDate "2018.07.16"]
[EventType "team-swiss"]
[EventRounds "9"]
[EventCountry "TUR"]
[SourceTitle "EXT 2019"]
[Source "ChessBase"]
[SourceDate "2018.10.10"]
[SourceVersion "1"]
[SourceVersionDate "2018.10.10"]
[SourceQuality "1"]
[WhiteTeam "Istanbul Teknik Uni"]
[BlackTeam "Sertel Genclik"]
[WhiteTeamCountry "TUR"]
[BlackTeamCountry "TUR"]

1. d4 e6 2. e4 d5 3. exd5 exd5 4. Bd3 Nc6 5. c3 Bd6 6. Ne2 Qh4 7. Ng3 Nge7 8. Nd2 Bg4 9. Nf3 Qf6 10. Bg5 Qe6+ 11. Kd2 f6 12. Be3 Qd7 13. h3 Be6 14. Nh5 0-0 15. Bf4 Bf7 16. Bxd6 Qxd6 17. Ng3 Na5 18. Kc2 Nc4 19. b3 Ne3+ 20. fxe3 Qxg3 21. Nd2 c5 22. Qg4 Qc7 23. Raf1 Rac8 24. Kd1 Kh8 25. h4 Qa5 26. h5 h6 27. Rxf6 Qxc3 28. Rhf1 gxf6 29. Rxf6 Ng8 0-1

[Event "TUR-chT 1st League"]
[Site "Konya"]
[Date "2018.07.17"]
[Round "2.2"]
[White "Bayram, Yakup"]
[Black "Malakhov, Vladimir"]
[Result "0-1"]
[WhiteElo "2222"]
[BlackElo "2685"]
[PlyCount "56"]
[EventDate "2018.07.16"]
[EventType "team-swiss"]
[EventRounds "9"]
[EventCountry "TUR"]
[SourceTitle "EXT 2019"]
[Source "ChessBase"]
[SourceDate "2018.10.10"]
[SourceVersion "1"]
[SourceVersionDate "2018.10.10"]
[SourceQuality "1"]
[WhiteTeam "Istanbul Teknik Uni"]
[BlackTeam "Ordu Buyuksehir Belediye"]
[WhiteTeamCountry "TUR"]
[BlackTeamCountry "TUR"]

1. d4 g6 2. c4 Bg7 3. Nc3 e6 4. h4 h6 5. e4 Ne7 6. Be3 d5 7. Nf3 dxe4 8. Nxe4 Nf5 9. Qd2 b6 10. 0-0-0 Bb7 11. d5 Qe7 12. Bf4 e5 13. Nc3 Nd7 14. g4 Nxh4 15. Rxh4 exf4 16. Re1 Ne5 17. Qxf4 g5 18. Qf5 Bc8 19. Qe4 gxh4 20. d6 cxd6 21. Nd5 Qd8 22. Nxe5 dxe5 23. f4 Bb7 24. Qf5 Bxd5 25. Rxe5+ Bxe5 26. Qxe5+ Qe7 27. Qxh8+ Kd7 28. Qd4 Qe1+ 0-1

[Event "TUR-chT"]
[Site "Izmir"]
[Date "2016.08.05"]
[Round "13.5"]
[White "Bayram, Yakup"]
[Black "Eminov, Orkhan"]
[Result "1-0"]
[WhiteElo "2236"]
[BlackElo "2221"]
[PlyCount "55"]
[EventDate "2016.07.25"]
[EventType "team-swiss"]
[EventRounds "13"]
[EventCountry "TUR"]
[SourceTitle "CBM 173 Extra"]
[Source "ChessBase"]
[SourceDate "2016.08.29"]
[SourceVersion "1"]
[SourceVersionDate "2016.08.29"]
[SourceQuality "1"]
[WhiteTeam "Istanbul Teknik Uni"]
[BlackTeam "Onur Koleji Genc"]
[WhiteTeamCountry "TUR"]
[BlackTeamCountry "TUR"]

1. d4 Nf6 2. c4 e5 3. dxe5 Ng4 4. Bf4 g5 5. Bg3 Bg7 6. Nf3 Nc6 7. Nc3 Ngxe5 8. Nxe5 Nxe5 9. h4 g4 10. h5 d6 11. h6 Bf6 12. c5 Be6 13. e3 a6 14. Rh5 Qe7 15. cxd6 cxd6 16. Ne4 0-0 17. Nxf6+ Qxf6 18. Bh4 Qh8 19. Qd4 Rfe8 20. Be2 Rac8 21. Rd1 Rc6 22. f4 gxf3 23. gxf3 Rc2 24. Kf2 Bc4 25. Rg1+ Ng6 26. Rxg6+ fxg6 27. Bf6 Rxe3 28. Qxc4+ 1-0

[Event "TUR-chT"]
[Site "Izmir"]
[Date "2016.07.28"]
[Round "4.3"]
[White "Krasenkow, Michal"]
[Black "Bayram, Yakup"]
[Result "1-0"]
[WhiteElo "2614"]
[BlackElo "2236"]
[PlyCount "83"]
[EventDate "2016.07.25"]
[EventType "team-swiss"]
[EventRounds "13"]
[EventCountry "TUR"]
[SourceTitle "CBM 173 Extra"]
[Source "ChessBase"]
[SourceDate "2016.08.29"]
[SourceVersion "1"]
[SourceVersionDate "2016.08.29"]
[SourceQuality "1"]
[WhiteTeam "Hatay Buyuksehir"]
[BlackTeam "Istanbul Teknik Uni"]
[WhiteTeamCountry "TUR"]
[BlackTeamCountry "TUR"]

1. d4 d5 2. c4 c6 3. Nc3 e6 4. e3 f5 5. g4 fxg4 6. Qxg4 Nf6 7. Qg2 a6 8. Nf3 b5 9. c5 Nbd7 10. Bd3 Ra7 11. e4 Bxc5 12. dxc5 Nxc5 13. Bc2 b4 14. e5 bxc3 15. exf6 0-0 16. Ng5 Qxf6 17. Bxh7+ Kh8 18. Bc2 g6 19. b4 Na4 20. Bxa4 e5 21. Bc2 Bf5 22. Bxf5 Qxf5 23. h4 Rg7 24. h5 Kg8 25. hxg6 Rxg6 26. Qh2 Rh6 27. Nh3 Qe4+ 28. Be3 Rf3 29. Rg1+ Kf8 30. Rg3 Rxg3 31. Qxg3 d4 32. 0-0-0 Rg6 33. Ng5 Qd5 34. Qf3+ Ke7 35. Bxd4 exd4 36. Re1+ Kd7 37. Qg4+ Kc7 38. Ne6+ Kb6 39. Qxd4+ Qxd4 40. Nxd4 c5 41. Re6+ Rxe6 42. bxc5+ 1-0

[Event "TUR-chT"]
[Site "Izmir"]
[Date "2016.07.27"]
[Round "3.3"]
[White "Bayram, Yakup"]
[Black "Annaberdiyev, Babageldi"]
[Result "0-1"]
[WhiteElo "2236"]
[BlackElo "2242"]
[PlyCount "112"]
[EventDate "2016.07.25"]
[EventType "team-swiss"]
[EventRounds "13"]
[EventCountry "TUR"]
[SourceTitle "CBM 173 Extra"]
[Source "ChessBase"]
[SourceDate "2016.08.29"]
[SourceVersion "1"]
[SourceVersionDate "2016.08.29"]
[SourceQuality "1"]
[WhiteTeam "Istanbul Teknik Uni"]
[BlackTeam "Akdeniz Vida Metal"]
[WhiteTeamCountry "TUR"]
[BlackTeamCountry "TUR"]

1. d4 Nf6 2. c4 g6 3. Nc3 Bg7 4. e4 d6 5. f3 0-0 6. Nge2 e5 7. d5 a5 8. Bg5 h6 9. Be3 Na6 10. Qd2 Nd7 11. 0-0-0 Kh7 12. h4 Ndc5 13. h5 g5 14. g4 b6 15. Ng3 Bd7 16. Nf5 Bf6 17. Kb1 Re8 18. Bg1 Bxf5 19. gxf5 Rg8 20. Be2 Qe7 21. Be3 Qd7 22. Rhg1 Be7 23. Bf1 Bf6 24. Rc1 Qe7 25. Rg4 Rgb8 26. Nd1 Qd7 27. Rg3 a4 28. Rc3 Be7 29. Nf2 f6 30. f4 exf4 31. Bxf4 Qe8 32. Be3 Nd7 33. Bd4 Ne5 34. Bxe5 dxe5 35. d6 Bxd6 36. c5 Nxc5 37. Qd5 Be7 38. Bb5 Qf8 39. Qc6 Ra7 40. Nd3 Rd8 41. Nxc5 Bxc5 42. Rgd3 Bd4 43. Rc4 Rd6 44. Qe8 Qxe8 45. Bxe8 b5 46. Bxb5 Rb6 47. Bxa4 Rxb2+ 48. Kc1 Rxa2 49. Bb3 Rh2 50. Ra4 Rxa4 51. Bxa4 Rxh5 52. Bd1 Rh1 53. Ra3 g4 54. Ra8 g3 55. Rc8 Bb6 56. Rd8 h5 0-1

[Event "TUR-chT"]
[Site "Izmir"]
[Date "2016.07.26"]
[Round "2.3"]
[White "Benidze, Davit"]
[Black "Bayram, Yakup"]
[Result "1-0"]
[WhiteElo "2475"]
[BlackElo "2236"]
[PlyCount "161"]
[EventDate "2016.07.25"]
[EventType "team-swiss"]
[EventRounds "13"]
[EventCountry "TUR"]
[SourceTitle "CBM 173 Extra"]
[Source "ChessBase"]
[SourceDate "2016.08.29"]
[SourceVersion "1"]
[SourceVersionDate "2016.08.29"]
[SourceQuality "1"]
[WhiteTeam "Maras Spor Dernegi"]
[BlackTeam "Istanbul Teknik Uni"]
[WhiteTeamCountry "TUR"]
[BlackTeamCountry "TUR"]

1. d4 Nf6 2. c4 c6 3. Nf3 d5 4. e3 g6 5. Nc3 Bg7 6. Be2 0-0 7. 0-0 e6 8. Qc2 Nbd7 9. b3 b6 10. Rd1 Bb7 11. a4 a6 12. Ba3 Re8 13. Rac1 Rc8 14. e4 Bh6 15. e5 Nh5 16. Rb1 Nf4 17. g3 Nxe2+ 18. Qxe2 c5 19. dxc5 Nxc5 20. h4 Qc7 21. cxd5 Rcd8 22. Bxc5 bxc5 23. d6 Qc6 24. Rd3 Bg7 25. Re1 f6 26. exf6 Bxf6 27. Ne4 Bg7 28. h5 Rf8 29. hxg6 hxg6 30. Nfg5 Bd4 31. Rxd4 cxd4 32. Nxe6 Rxd6 33. Nxf8 Qxe4 34. Qxe4 Bxe4 35. Rxe4 d3 36. Re1 Kxf8 37. Rd1 Ke7 38. Kf1 a5 39. Ke1 Re6+ 40. Kf1 Rd6 41. f3 Ke6 42. Ke1 g5 43. Kd2 g4 44. fxg4 Rd4 45. Rc1 Rxg4 46. Rc5 Rxg3 47. Rxa5 Kd6 48. Rb5 Kc6 49. Re5 Kb6 50. Re3 Rg8 51. Kxd3 Ka5 52. Re5+ Kb6 53. b4 Rg6 54. Rd5 Rh6 55. Kc4 Rc6+ 56. Kb3 Rh6 57. Rc5 Rh3+ 58. Rc3 Rh5 59. Rd3 Rh6 60. a5+ Ka6 61. Ka4 Rh4 62. Rc3 Rg4 63. Rc6+ Kb7 64. Rb6+ Ka7 65. Rd6 Rg7 66. Rc6 Rg4 67. a6 Rg5 68. b5 Rg1 69. Rc7+ Kb8 70. Rh7 Rg4+ 71. Ka5 Rg5 72. Rh6 Ka7 73. Rd6 Rh5 74. Kb4 Rh7 75. Ka5 Rh5 76. Rd7+ Kb8 77. Kb4 Rg5 78. b6 Rg8 79. Kc5 Rc8+ 80. Kb5 Rh8 81. a7+ 1-0

[Event "TUR-chT"]
[Site "Kocaeli"]
[Date "2014.08.26"]
[Round "10.4"]
[White "Bayram, Yakup"]
[Black "Annaberdiyev, Babageldi"]
[Result "1/2-1/2"]
[WhiteElo "2268"]
[BlackElo "2238"]
[PlyCount "68"]
[EventDate "2014.08.18"]
[EventType "team-tourn"]
[EventRounds "13"]
[EventCountry "TUR"]
[SourceTitle "CBM 162 Extra"]
[Source "ChessBase"]
[SourceDate "2014.10.17"]
[SourceVersion "1"]
[SourceVersionDate "2014.10.17"]
[SourceQuality "1"]
[WhiteTeam "Tarsus Zeka"]
[BlackTeam "Akdeniz Belediyesi"]
[WhiteTeamCountry "TUR"]
[BlackTeamCountry "TUR"]

1. a3 g6 2. c4 Bg7 3. Nf3 Nf6 4. g3 0-0 5. Bg2 d6 6. 0-0 e5 7. Nc3 a5 8. Rb1 Re8 9. e4 Bg4 10. h3 Bxf3 11. Qxf3 Nc6 12. d3 Nd7 13. Qd1 Nc5 14. Kh2 a4 15. f4 exf4 16. gxf4 Nd4 17. Ne2 Nxe2 18. Qxe2 f5 19. Bd2 Qe7 20. Bc3 c6 21. Rbe1 fxe4 22. Bxe4 Nxe4 23. dxe4 Bxc3 24. bxc3 Ra5 25. e5 dxe5 26. Qe4 Qh4 27. Rg1 Rf8 28. Rxg6+ hxg6 29. Qxg6+ Kh8 30. Rg1 Qxf4+ 31. Rg3 Qf2+ 32. Rg2 Qf4+ 33. Rg3 Qf2+ 34. Rg2 Qf4+ 1/2-1/2

[Event "TUR-chT"]
[Site "Kocaeli"]
[Date "2014.08.23"]
[Round "7.5"]
[White "Bayram, Yakup"]
[Black "Citak, Selim"]
[Result "0-1"]
[WhiteElo "2268"]
[BlackElo "2340"]
[PlyCount "130"]
[EventDate "2014.08.18"]
[EventType "team-tourn"]
[EventRounds "13"]
[EventCountry "TUR"]
[SourceTitle "CBM 162 Extra"]
[Source "ChessBase"]
[SourceDate "2014.10.17"]
[SourceVersion "1"]
[SourceVersionDate "2014.10.17"]
[SourceQuality "1"]
[WhiteTeam "Tarsus Zeka"]
[BlackTeam "Denizsu Aquamatch"]
[WhiteTeamCountry "TUR"]
[BlackTeamCountry "TUR"]

1. a3 e5 2. c4 Nf6 3. e3 c6 4. Nf3 e4 5. Nd4 d5 6. cxd5 cxd5 7. b3 Nc6 8. Nxc6 bxc6 9. Qc2 Bd7 10. d3 Bd6 11. Bb2 0-0 12. Nd2 exd3 13. Bxd3 Re8 14. Bf5 Rc8 15. 0-0 Bxf5 16. Qxf5 Re6 17. g3 Nd7 18. e4 g6 19. Qh3 dxe4 20. Rad1 Qe7 21. Nc4 Re8 22. Qh6 f6 23. Nxd6 Rxd6 24. Qe3 Nb6 25. Rxd6 Qxd6 26. Re1 Re6 27. Qc1 Nd5 28. Bd4 Qe7 29. Bc5 Qd7 30. Qc4 f5 31. b4 Nb6 32. Qc2 Qd3 33. Qc1 Nd5 34. Rd1 Qe2 35. Rd2 Qf3 36. Rxd5 cxd5 37. Qg5 Qd1+ 38. Kg2 Qf3+ 39. Kg1 Qd1+ 40. Kg2 Qa4 41. Qd8+ Qe8 42. Qxd5 Qc6 43. Qxc6 Rxc6 44. Bxa7 Ra6 45. Be3 Rxa3 46. b5 Rb3 47. b6 Kf7 48. Kh3 g5 49. Bxg5 Rxb6 50. Be3 Rb3 51. Kh4 Kg6 52. Kh3 Kh5 53. Kg2 Kg4 54. h3+ Kh5 55. Kh2 Kg6 56. Kg2 h5 57. h4 Rb1 58. Bf4 Kf7 59. Be3 Ke6 60. Bf4 Kd5 61. Be3 Kc4 62. Bf4 Kd3 63. Be3 Ke2 64. Bc5 Rb3 65. Bd4 Rf3 0-1

[Event "BI-2014-P-0019"]
[Site "LSS email"]
[Date "2014.04.19"]
[Round "?"]
[White "Bayram, Yakup"]
[Black "Caviglia, Maximiliano"]
[Result "0-1"]
[WhiteElo "866"]
[BlackElo "1129"]
[PlyCount "44"]
[EventDate "2014.04.25"]
[EventType "tourn (corr)"]
[EventRounds "10"]
[EventCountry "GER"]
[SourceTitle "Corr 2015"]
[Source "ChessBase"]
[SourceDate "2015.07.17"]
[SourceVersion "1"]
[SourceVersionDate "2015.07.17"]
[SourceQuality "1"]

1. c4 f5 2. d4 Nf6 3. Nf3 e6 4. g3 Be7 5. Bg2 0-0 6. 0-0 d6 7. Nc3 Nbd7 8. Bf4 h6 9. Qc2 a6 10. e4 Nxe4 11. Nxe4 fxe4 12. Qxe4 Nf6 13. Qd3 Nh5 14. Bd2 Bd7 15. Rfe1 Qe8 16. Re3 g5 17. Qe4 Rb8 18. Rae1 Bf6 19. Bh3 Ng7 20. d5 e5 21. Bxd7 Qxd7 22. h3 Nf5 0-1

[Event "SN-2014-0-00584"]
[Site "LSS email"]
[Date "2014.03.26"]
[Round "?"]
[White "Bayram, Yakup"]
[Black "Neil, Charles"]
[Result "1-0"]
[WhiteElo "901"]
[BlackElo "640"]
[PlyCount "45"]
[EventDate "2014.03.10"]
[EventType "tourn (corr)"]
[EventRounds "6"]
[EventCountry "GER"]
[SourceTitle "Telechess CBM 167"]
[Source "ChessBase"]
[SourceDate "2015.07.13"]
[SourceVersion "1"]
[SourceVersionDate "2015.07.13"]
[SourceQuality "1"]

1. e4 e6 2. d4 d5 3. exd5 exd5 4. Bd3 Bd6 5. c3 Ne7 6. Nf3 0-0 7. 0-0 Nd7 8. Be3 Re8 9. Qc2 Nf8 10. Nbd2 Neg6 11. Rfe1 Bg4 12. c4 dxc4 13. Bxc4 Nh4 14. Ng5 Be6 15. Bxe6 fxe6 16. Qb3 Nhg6 17. Qxb7 Ne7 18. Qe4 Nfg6 19. Qxe6+ Kh8 20. Nf7+ Kg8 21. Nh6+ Kh8 22. Qg8+ Rxg8 23. Nf7# 1-0

[Event "OP-2014-0-03350"]
[Site "LSS email"]
[Date "2014.03.26"]
[Round "?"]
[White "Lenz, Juergen"]
[Black "Bayram, Yakup"]
[Result "1-0"]
[WhiteElo "1148"]
[BlackElo "800"]
[PlyCount "41"]
[EventDate "2014.03.20"]
[EventType "tourn (corr)"]
[EventRounds "4"]
[EventCountry "GER"]
[SourceTitle "Corr 2022"]
[Source "ChessBase"]
[SourceDate "2021.10.24"]
[SourceVersion "1"]
[SourceVersionDate "2021.10.24"]
[SourceQuality "1"]

1. d4 d5 2. Bf4 Bf5 3. e3 e6 4. c4 c6 5. Qb3 Qb6 6. Nc3 Nd7 7. c5 Qxb3 8. axb3 e5 9. Bg3 e4 10. b4 Be7 11. b5 Ngf6 12. b4 Nb8 13. Bxb8 Rxb8 14. Rxa7 0-0 15. h3 Bd7 16. Kd2 Rfd8 17. Nge2 Kf8 18. Nc1 cxb5 19. Bxb5 Bxb5 20. Nxb5 Rd7 21. Nb3 1-0

[Event "TUR-chT"]
[Site "Denizli"]
[Date "2013.07.10"]
[Round "13.3"]
[White "Jojua, Davit"]
[Black "Bayram, Yakup"]
[Result "1-0"]
[WhiteElo "2548"]
[BlackElo "2271"]
[PlyCount "103"]
[EventDate "2013.06.29"]
[EventType "team-tourn"]
[EventRounds "13"]
[EventCountry "TUR"]
[SourceTitle "CBM 155 Extra"]
[Source "ChessBase"]
[SourceDate "2013.08.26"]
[SourceVersion "1"]
[SourceVersionDate "2013.08.26"]
[SourceQuality "1"]
[WhiteTeam "Aliaga Genclik"]
[BlackTeam "Tarsus Zeka"]
[WhiteTeamCountry "TUR"]
[BlackTeamCountry "TUR"]

1. d4 Nf6 2. c4 c6 3. Nf3 d5 4. e3 g6 5. Nc3 Bg7 6. Be2 0-0 7. 0-0 a6 8. a4 a5 9. Qb3 Na6 10. cxd5 cxd5 11. Bd2 Nb4 12. Rfc1 Bg4 13. Ne5 Bxe2 14. Nxe2 Qd6 15. Bxb4 axb4 16. Nd3 Ng4 17. g3 e5 18. Qxb4 Qe6 19. dxe5 Nxe5 20. Nxe5 Bxe5 21. Rab1 Qa6 22. Nc3 Bxc3 23. Rxc3 Qxa4 24. Qxa4 Rxa4 25. Rb3 d4 26. exd4 Rxd4 27. Rxb7 Re8 28. Rc1 Re6 29. Rc2 h5 30. h4 Kg7 31. Kg2 g5 32. hxg5 h4 33. Rcc7 hxg3 34. Rxf7+ Kg6 35. Rg7+ Kh5 36. Kxg3 Re1 37. Rg8 Rg1+ 38. Kf3 Rd3+ 39. Ke4 Rgd1 40. Rb5 Kg4 41. Rf8 Rd4+ 42. Ke5 Kxg5 43. f4+ Kg6 44. Rg8+ Kf7 45. Rgb8 Rd7 46. R5b7 R1d5+ 47. Ke4 Rd4+ 48. Kf5 R4d5+ 49. Kg4 Ke7 50. Rxd7+ Rxd7 51. b4 Rd1 52. b5 1-0